Statistiken für Hauptstädte - Namen ergänzen

Klicken Sie hier um das Quiz zu spielen!

Allgemein

  • Dieses Quiz wurde 577 mal gespielt
  • Das Durchschnittsergebnis liegt bei 19 aus 29

Antwortstatistiken

Hauptstädte% Korrekt
BuenosAires
98%
Kuwait-Stadt
98%
Panama-Stadt
98%
Mexiko-Stadt
98%
Guatemala-Stadt
98%
Washington,D.C.
95%
AbuDhabi
91%
KualaLumpur
90%
Andorra laVella
86%
Santiago deChile
85%
AddisAbeba
82%
Port-au-Prince
80%
SantoDomingo
73%
Port ofSpain
71%
Neu-Delhi
67%
PhnomPenh
65%
SanSalvador
57%
SaoTome
52%
SanMarino
51%
SanJose
47%
PortoNovo
45%
PortLouis
44%
PortMoresby
44%
Bandar SeriBegawan
43%
St.George's
35%
St.John's
35%
SouthTarawa
30%
PortVila
30%
SriJayewardenepura
28%

Verteilung der Resultate

Perzentil nach korrekt beantworteten Fragen

Anzahl Personen mit jedem Resultat

Ihre Resultats-Entwicklung

Sie haben dieses Quiz noch nicht gespielt